| 000 | 00525nam a2200181Ia 4500 | ||
|---|---|---|---|
| 008 | 100920s9999 xx 000 0 und d | ||
| 082 |
_b58246 _a330 थ 92 |
||
| 100 | _aKuchhal S.C. | ||
| 245 | _aFinancial Management. | ||
| 260 |
_bCHAITANYA PUBLISHING HOUSE , ALLAHABAD. _c1992 |
||
| 300 |
_a518 _bसाधी |
||
| 365 | _b80 | ||
| 520 | _aअर्थशास्त्र. | ||
| 630 | _aFinancial Management. | ||
| 650 | _aअर्थशास्त्र. | ||
| 730 | _aFinancial Management. | ||
| 942 | _cBOOK | ||
| 999 |
_c701964 _d701961 |
||